000 00803nam a2200241 i 4500
001 125593
003 ES-MaACL
005 20230906192648.0
007 t|
008 070620s1992 fr ||||1| fre d
020 _a2-03-330012-9
080 _a811.133.1'374.8(038)
080 _a59:159.954(44)
100 1 _aVigerie, Patricia.
_9114617
245 1 3 _aLa symphonie animale
_b: les animaux dans les expressions de la langue française /
_cPatricia Vigerie.
260 _aParis :
_bLarousse,
_c[1992]
300 _a239 p. :
_bil. ;
_c21 cm.
500 _aBiblioteca Jacinto Martínez Lacalle.
504 _aBibliografía: p.241.
650 4 _aLengua francesa-
_xLexicografía-
_vDiccionarios.
_914223
650 1 4 _aAnimales-
_xFolklore-
_zFrancia.
_99837
852 _aES-MaACL
_jE-11731
_bR.139735
999 _c125593
_d125593